Normal view
MARC view
Entry Personal Name
001 - CONTROL NUMBER
- control field: 168013
003 - CONTROL NUMBER IDENTIFIER
- control field: OSt
005 - DATE AND TIME OF LATEST TRANSACTION
- control field: 20220923224457.0
008 - FIXED-LENGTH DATA ELEMENTS
- fixed length control field: 220923|| aca||aabn | a|a d
040 ## - CATALOGING SOURCE
- Original cataloging agency: OSt
- Transcribing agency: OSt
100 ## - HEADING--PERSONAL NAME
- Personal name: हरगानवी, मऩाजिर आशिक़; चौधरी, ई. विनोद
670 ## - SOURCE DATA FOUND
- Source citation: Work cat.: (OSt)371705: हरगानवी, मऩाजिर आशिक़; चौधरी, ई. विनोद, बिहार की भाषाएं, 2007
